Statistiken für Die Beatles - Studioalben

Klicken Sie hier um das Quiz zu spielen!

Allgemein

  • Dieses Quiz wurde 128 mal gespielt
  • Das Durchschnittsergebnis liegt bei 9 aus 13

Antwortstatistiken

JahrAlbum% Korrekt
1969Abbey Road
83%
1970Let it Be
81%
1966Revolver
80%
1968The Beatles
77%
1965Help!
75%
1969Yellow Submarine
74%
1965Rubber Soul
70%
1964A Hard Day's Night
67%
1967Sgt. Pepper's Lonely Hearts Club Band
66%
1963Please Please Me
64%
1967Magical Mystery Tour
61%
1963With the Beatles
61%
1964Beatles for Sale
53%

Verteilung der Resultate

Perzentil nach korrekt beantworteten Fragen

Anzahl Personen mit jedem Resultat

Ihre Resultats-Entwicklung

Sie haben dieses Quiz noch nicht gespielt